| 000 | 00712nam a2200193 a 4500 | ||
|---|---|---|---|
| 001 | 000016418 | ||
| 005 | 20241030114426.0 | ||
| 008 | 100305s1991 dr ac 000 0 spa d | ||
| 040 |
_aDO-SdBNP _bspa _cBNPHU |
||
| 082 |
_axxx _bD812m |
||
| 100 | 1 |
_aDuarte, Isis _92123 |
|
| 245 | 1 | 0 |
_aMenores en circunstancias especialmente difíciles en la República Dominicana : _binforme de la encuesta MCED-IEPD (septiembre-diciembre,1989) / _cIsis Duarte, Camen Julia Gómez, Marina Ariza. |
| 260 |
_aSanto Domingo : _bUNICE, _c1991. |
||
| 300 |
_a166 p. : _bil.; retrs. ; _c27 cm. |
||
| 500 | _aIncluye notas al pie de páginas | ||
| 700 | 1 |
_aGómez, Carmen Julia _92077 |
|
| 700 | 1 |
_aAriza, Marina _936597 |
|
| 049 | _aBNPD | ||
| 999 |
_c15953 _d15953 |
||